|
|
|
|
| LEADER |
01083nam a2200361 4500 |
| 001 |
DLU030024704 |
| 005 |
##20030313064859.0 |
| 008 |
##920915s1993 caua b 000 0 eng |
| 010 |
# |
# |
|a 92035561
|
| 020 |
# |
# |
|a 0803950640
|
| 020 |
# |
# |
|a 0803950659 (pb)
|
| 035 |
# |
# |
|9 (DLC) 92035561
|
| 040 |
# |
# |
|a DLC
|c DLC
|d DLC
|
| 050 |
# |
# |
|a RJ506.R57
|b B45 1993
|
| 082 |
# |
# |
|a 362.27
|b Ado
|
| 245 |
# |
# |
|a Adolescent risk taking /
|c edited by Nancy J. Bell, Robert W. Bell.
|
| 260 |
# |
# |
|a Newbury Park, Calif. :
|b Sage Publications,
|c c1993.
|
| 300 |
# |
# |
|a 186 p. :
|b ill. ;
|c 24 cm.
|
| 504 |
# |
# |
|a Includes bibliographical references.
|
| 650 |
# |
# |
|a Problem youth
|x Behavior modification.
|
| 650 |
# |
# |
|a Risk-taking (Psychology) in adolescence
|x Prevention.
|
| 650 |
# |
# |
|a Risk-taking (Psychology) in adolescence.
|
| 700 |
# |
# |
|a Bell, Nancy J.
|
| 700 |
# |
# |
|a Bell, Robert Wayne,
|d 1931-
|
| 992 |
# |
# |
|a 7440
|
| 994 |
# |
# |
|a DLU
|
| 900 |
# |
# |
|a True
|
| 911 |
# |
# |
|a Lê Thị Mạnh Xuân
|
| 925 |
# |
# |
|a G
|
| 926 |
# |
# |
|a A
|
| 927 |
# |
# |
|a SH
|
| 980 |
# |
# |
|a Thư viện Trường Đại học Đà Lạt
|